| 000 | 00997nam a2200277Ia 4500 | ||
|---|---|---|---|
| 003 | OSt | ||
| 005 | 20221007123345.0 | ||
| 006 | a|||||r|||| 00| 0 | ||
| 007 | ta | ||
| 008 | 221006b |||||||| |||| 00| 0 eng d | ||
| 020 |
_a3540664653 (hbd) _cDM 129.90 |
||
| 024 | _a8996 | ||
| 037 |
_bAshutosh, _cTextual |
||
| 040 |
_aPAPL _cPAPL _beng |
||
| 041 |
_2eng _aeng |
||
| 082 | _aB9:6, P2 | ||
| 100 |
_aSchlickeiser Reinhard _9717127 |
||
| 245 | 0 | _aCosmic ray astrophysics by Reinhard Schlickeiser | |
| 260 |
_aBerlin _bSpringer-Verlag _c2002 |
||
| 300 |
_axv,519p _ccm. |
||
| 500 | _aBibliographical references 495-510p; Index 513-519p; ^n23/CSL/CARPA/2001-2002/836^d2002-02-07^mPurchase; ; 2001-2002/477^b2002-03-07^c190^d2002-02-12^eRs.2,547.00^fAshutosh Technical Books; ; 2002-03-20^bSB^c2002-05-27^dRPS | ||
| 650 |
_a Astrophysics _9713569 |
||
| 650 | _aAstronomy | ||
| 942 |
_hB9:6, P2 _cTEXL _2CC |
||
| 999 |
_c1211740 _d1211740 |
||